004050000a220012100045001000029000002450030000293000055000597000031001147730023001459420008001689520090001769990017002661 aCamargo López, Jesús10aPobreza social y familiar aVol. 11, Num 2 (Abril-Junio, 1992) Páginas 15-161 aPérez de Camargo, Carmen0 tIglesia y Misión cANA 001040708HEMaFUSBCbFUSBCd2016-01-26l0o r2016-01-26 00:00:00w2016-01-26yANA c51958d51958